| 000 | 01227nam a22002657a 4500 | ||
|---|---|---|---|
| 003 | URS | ||
| 005 | 20240711232812.0 | ||
| 008 | 240711b |||||||| |||| 00| 0 eng d | ||
| 020 | _a978-1-4511-1343-3 (alk. paper) | ||
| 040 |
_bEnglish _cURS _erda |
||
| 050 |
_aQM557 _b.G198 2014 |
||
| 100 |
_aGartner, Leslie P., _eauthor. _95859 |
||
| 245 | 0 |
_aColor atlas and text of histology / _cLeslie P. Gartner and James Hiatt. |
|
| 250 | _a6th edition. | ||
| 264 |
_aPhiladelphia : _bWolters Kluwer, _c©2014. |
||
| 300 |
_axviii, 525 pages : _bcolor illustration ; _c28 cm. |
||
| 336 |
_atext _btxt _2rdacontent |
||
| 337 |
_aunmediated _bn _2rdamedia |
||
| 338 |
_avolume _bnc _2rdacarrier |
||
| 504 | _aIncludes index. | ||
| 505 | _aThe cell -- Epithelium and glands -- Connective tissue -- Cartilage and bone -- Blood and hemopoiesis -- Muscle -- Nervous tissue -- Circulatory system -- Lymphoid tissue -- Endocrine system -- Integument -- Respiratory system -- Digestive system I -- Digestive system II-- Digestive system III -- Urinary system -- Female reproductive system -- Male reproductive system -- Special senses. | ||
| 650 | 0 |
_aHistology _xAtlases. _95860 |
|
| 700 |
_aHiatt, James L., _eauthor. _95861 |
||
| 942 |
_cFR _2lcc |
||
| 999 |
_c80693 _d80692 |
||